[Event "Stare Mesto Slavia Kromeriz op 2nd"]
[Site "Stare Mesto"]
[Date "2024.03.31"]
[Round "7"]
[White "Babula, Matej"]
[Black "Sudrich, Radek1"]
[Result "1-0"]
[WhiteElo "1911"]
[BlackElo "1722"]
[PlyCount "61"]
[EventDate "2024.03.28"]
[EventType "swiss"]
[EventRounds "7"]
[EventCountry "CZE"]
[SourceTitle "CB14_2024"]
[SourceDate "2024.04.01"]
[SourceVersion "1"]
[SourceVersionDate "2024.04.01"]
[SourceQuality "1"]

1. e4 c5 2. Nf3 e6 3. d4 cxd4 4. Nxd4 Nf6 5. Nc3 Nc6 6. Ndb5 Bb4 7. a3 Bxc3+ 8. Nxc3 0-0 9. Bg5 h6 10. Bh4 g5 11. Bg3 d5 12. e5 Nd7 13. Qe2 f5 14. exf6 Nxf6 15. 0-0-0 Bd7 16. h4 Nh7 17. Qd2 Kg7 18. Bd3 Rh8 19. Rde1 Qf6 20. Bb5 Qf5 21. hxg5 hxg5 22. Bd3 Qg4 23. Ne2 Be8 24. f3 Qa4 25. Rxh7+ Rxh7 26. Qxg5+ Kf8 27. Bxh7 Bf7 28. Bg6 Rc8 29. Qf6 Ne5 30. Bxe5 a6 31. Qxf7# 1-0

[Event "Stare Mesto Slavia Kromeriz op 2nd"]
[Site "Stare Mesto"]
[Date "2024.03.30"]
[Round "5"]
[White "Babula, Matej"]
[Black "Stary, Simon"]
[Result "1-0"]
[WhiteElo "1911"]
[BlackElo "1853"]
[PlyCount "111"]
[EventDate "2024.03.28"]
[EventType "swiss"]
[EventRounds "7"]
[EventCountry "CZE"]
[SourceTitle "CB14_2024"]
[SourceDate "2024.04.01"]
[SourceVersion "1"]
[SourceVersionDate "2024.04.01"]
[SourceQuality "1"]

1. e4 c5 2. Nf3 d6 3. d4 cxd4 4. Nxd4 Nf6 5. Nc3 a6 6. Bc4 e6 7. Bb3 b5 8. 0-0 Be7 9. Qf3 Qc7 10. Qg3 0-0 11. Bh6 Ne8 12. Rad1 Bd7 13. Rfe1 Nc6 14. Nce2 Ne5 15. c3 a5 16. Nf4 Ng6 17. Nxg6 hxg6 18. Bg5 Nf6 19. Rd3 a4 20. Bd1 e5 21. Nc2 Qc4 22. Bxf6 gxf6 23. Nb4 f5 24. exf5 Bxf5 25. Rd2 Rfd8 26. Be2 Qe4 27. Rdd1 Bh4 28. Qf3 a3 29. Qxe4 Bxe4 30. Bxb5 Bb7 31. b3 Rac8 32. Bc4 Bf6 33. Bd5 Bxd5 34. Nxd5 Kg7 35. c4 Bg5 36. Re2 f5 37. f3 Rc6 38. Kf2 Kf7 39. Nc3 Ke6 40. Rd5 Rc5 41. Re1 Rh8 42. Kg1 Rxd5 43. Nxd5 Rc8 44. Kf1 Rh8 45. h3 Rh4 46. Rd1 Bd8 47. Nc3 Bb6 48. Nd5 Bd8 49. Ke2 e4 50. fxe4 Rxe4+ 51. Kf3 Ke5 52. g3 Bg5 53. h4 Bh6 54. Ne7 g5 55. Rd5+ Ke6 56. Nxf5 1-0

[Event "Stare Mesto Slavia Kromeriz op 2nd"]
[Site "Stare Mesto"]
[Date "2024.03.29"]
[Round "3"]
[White "Babula, Matej"]
[Black "Horak, Jan"]
[Result "0-1"]
[WhiteElo "1911"]
[BlackElo "2141"]
[PlyCount "94"]
[EventDate "2024.03.28"]
[EventType "swiss"]
[EventRounds "7"]
[EventCountry "CZE"]
[SourceTitle "CB14_2024"]
[SourceDate "2024.04.01"]
[SourceVersion "1"]
[SourceVersionDate "2024.04.01"]
[SourceQuality "1"]

1. e4 d5 2. exd5 Nf6 3. d4 Bg4 4. Nf3 Qxd5 5. Be2 Nc6 6. 0-0 0-0-0 7. c4 Qh5 8. h3 Nxd4 9. Nxd4 Bxe2 10. Qxe2 Rxd4 11. Qxh5 Nxh5 12. b3 e6 13. Nc3 Rd7 14. Be3 Nf6 15. Rfd1 Bb4 16. Rxd7 Bxc3 17. Rdd1 Bxa1 18. Rxa1 Rd8 19. Kf1 Ne4 20. Rc1 a6 21. Ke2 f6 22. g4 e5 23. f3 Nd6 24. Rd1 Nf7 25. Rxd8+ Nxd8 26. f4 Nc6 27. fxe5 Nxe5 28. Bd4 Nc6 29. Bc3 Kd7 30. Ke3 Ke6 31. Kf4 a5 32. a3 b6 33. h4 Ne7 34. Kg3 Nc8 35. Kf4 Nd6 36. c5 Nb5 37. cxb6 cxb6 38. Bb2 Kd5 39. g5 fxg5+ 40. Kxg5 Nd4 41. h5 Ke4 42. b4 a4 43. Kg4 b5 44. Kg5 Nf3+ 45. Kg4 Ne5+ 46. Kg5 Nf7+ 47. Kg4 g6 0-1

[Event "Bratislava exe op"]
[Site "Bratislava"]
[Date "2023.09.15"]
[Round "1"]
[White "Hozlar, Michal"]
[Black "Babula, Matej"]
[Result "0-1"]
[WhiteElo "1367"]
[BlackElo "2042"]
[PlyCount "105"]
[EventDate "2023.09.15"]
[EventType "swiss"]
[EventRounds "9"]
[EventCountry "SVK"]
[SourceTitle "EXT 2024"]
[Source "ChessBase"]
[SourceDate "2023.10.10"]
[SourceVersion "1"]
[SourceVersionDate "2023.10.10"]
[SourceQuality "1"]

1. d4 Nf6 2. c4 e6 3. g3 d5 4. Bg2 Bb4+ 5. Nd2 0-0 6. Ngf3 dxc4 7. 0-0 c3 8. Nc4 Nbd7 9. Qb3 cxb2 10. Bxb2 Be7 11. Nfe5 Nb6 12. Rac1 Nfd5 13. a4 Bd7 14. Nxd7 Qxd7 15. a5 Nxc4 16. Qxc4 Rac8 17. e4 Nf6 18. Rfd1 c6 19. Qb3 Rfd8 20. Rc2 h6 21. Rdc1 a6 22. Rb1 Qc7 23. Bc3 Rb8 24. Rcb2 Ne8 25. e5 Qc8 26. Qb6 Nc7 27. Bxc6 Na8 28. Bxb7 Nxb6 29. Bxc8 Rdxc8 30. Bd2 Nd7 31. Rb7 Rxb7 32. Rxb7 Rd8 33. Ra7 Bf8 34. Rxa6 Nxe5 35. dxe5 Rxd2 36. f4 Ra2 37. Ra8 g6 38. a6 Kg7 39. Kh1 Bc5 40. Rc8 Bb6 41. Rc6 Rxa6 42. Kg2 Ra2+ 43. Kf3 Ba5 44. Ra6 h5 45. h3 Ra3+ 46. Ke4 Bb4 47. Rxa3 Bxa3 48. g4 hxg4 49. hxg4 Kf8 50. f5 gxf5+ 51. gxf5 exf5+ 52. Kxf5 Ke7 53. Ke4 0-1

[Event "Skalica op-A"]
[Site "Skalica"]
[Date "2023.08.25"]
[Round "7"]
[White "Babula, Matej"]
[Black "Ivekovic, Tihana"]
[Result "1/2-1/2"]
[WhiteElo "1893"]
[BlackElo "2117"]
[PlyCount "85"]
[EventDate "2023.08.19"]
[EventType "swiss"]
[EventRounds "9"]
[EventCountry "SVK"]
[SourceTitle "CBM 215 Extra"]
[Source "ChessBase"]
[SourceDate "2023.09.30"]
[SourceVersion "1"]
[SourceVersionDate "2023.09.30"]
[SourceQuality "1"]

1. e4 e5 2. Nf3 Nc6 3. Bc4 Nf6 4. d3 Bc5 5. 0-0 d6 6. c3 a6 7. a4 Ba7 8. Be3 Bxe3 9. fxe3 0-0 10. Nbd2 h6 11. Qe1 Be6 12. Bxe6 fxe6 13. Qg3 Qe8 14. b4 Ne7 15. a5 Nc6 16. Qh3 d5 17. Rad1 Rd8 18. Kh1 d4 19. exd4 exd4 20. c4 Nxb4 21. Nb3 e5 22. Nc5 Rd6 23. Rb1 Qc6 24. Rxb4 Qxc5 25. Rxb7 Qxa5 26. Rfb1 Nd7 27. Nh4 Rb6 28. R7xb6 Qxb6 29. Rg1 Nc5 30. Nf5 Qf6 31. Rb1 g6 32. Ng3 Kh7 33. Ne2 Qf2 34. Ng1 Qc2 35. Ra1 Qxd3 36. Nf3 Kg7 37. Qh4 Qxe4 38. Qe7+ Rf7 39. Qxc5 Rxf3 40. gxf3 Qxf3+ 41. Kg1 Qe3+ 42. Kh1 Qf3+ 43. Kg1 1/2-1/2

[Event "Skalica op-A"]
[Site "Skalica"]
[Date "2023.08.20"]
[Round "2"]
[White "Demeter, Dorina"]
[Black "Babula, Matej"]
[Result "1-0"]
[WhiteElo "2191"]
[BlackElo "1893"]
[PlyCount "45"]
[EventDate "2023.08.19"]
[EventType "swiss"]
[EventRounds "9"]
[EventCountry "SVK"]
[SourceTitle "CBM 215 Extra"]
[Source "ChessBase"]
[SourceDate "2023.09.30"]
[SourceVersion "1"]
[SourceVersionDate "2023.09.30"]
[SourceQuality "1"]

1. Nf3 Nf6 2. c4 e6 3. Nc3 Bb4 4. g3 0-0 5. Bg2 d5 6. Qb3 a5 7. a3 Be7 8. d4 Nc6 9. 0-0 a4 10. Qc2 dxc4 11. Rd1 Na5 12. e4 Nb3 13. Rb1 c5 14. d5 exd5 15. e5 Nd7 16. Nxd5 h6 17. Bf4 Kh8 18. e6 fxe6 19. Nc7 Rxf4 20. Nxe6 Qe8 21. Nxf4 Qf7 22. Ng6+ Kg8 23. Ng5 1-0

[Event "Piestany op-B"]
[Site "Piestany"]
[Date "2023.07.15"]
[Round "5"]
[White "Navaratnam, Ishaan Quan Tze"]
[Black "Babula, Matej"]
[Result "1/2-1/2"]
[WhiteElo "1743"]
[BlackElo "1966"]
[PlyCount "68"]
[EventDate "2023.07.11"]
[EventType "swiss"]
[EventRounds "9"]
[EventCountry "SVK"]
[SourceTitle "EXT 2024"]
[Source "ChessBase"]
[SourceDate "2023.10.10"]
[SourceVersion "1"]
[SourceVersionDate "2023.10.10"]
[SourceQuality "1"]

1. e4 e5 2. Nf3 Nc6 3. Bc4 Nf6 4. d3 h6 5. c3 d6 6. Nbd2 g5 7. h3 Bg7 8. Nf1 0-0 9. Ne3 Ne7 10. Bb3 c6 11. Qc2 Ng6 12. 0-0 d5 13. exd5 cxd5 14. d4 e4 15. Ne5 Be6 16. Qd1 Qc7 17. Nxg6 fxg6 18. Bd2 Qd7 19. Qe2 Nh5 20. Ng4 Nf4 21. Bxf4 gxf4 22. f3 e3 23. Rfd1 h5 24. Ne5 Bxe5 25. dxe5 Rf5 26. Qd3 Rd8 27. Qd4 Qg7 28. Bc2 Rxe5 29. Qxf4 Rf8 30. Qg3 Bf5 31. Bxf5 Rexf5 32. Qd6 Qf7 33. Re1 Re8 34. Rad1 Rg5 1/2-1/2

[Event "CZE-ch Amateur"]
[Site "Hluk"]
[Date "2023.05.10"]
[Round "7"]
[White "Travnicek, Jaroslav1111"]
[Black "Babula, Matej"]
[Result "0-1"]
[WhiteElo "1762"]
[BlackElo "1951"]
[PlyCount "72"]
[EventDate "2023.05.06"]
[EventType "swiss"]
[EventRounds "9"]
[EventCountry "CZE"]
[SourceTitle "CBM 214 Extra"]
[Source "ChessBase"]
[SourceDate "2023.07.31"]
[SourceVersion "1"]
[SourceVersionDate "2023.07.31"]
[SourceQuality "1"]

1. e4 e5 2. Nf3 Nc6 3. Bb5 a6 4. Ba4 Nf6 5. 0-0 Be7 6. Re1 b5 7. Bb3 d6 8. c3 0-0 9. h3 Re8 10. d4 Bf8 11. d5 Na5 12. Bc2 c5 13. Bg5 h6 14. Be3 Nc4 15. Bc1 g6 16. Nbd2 Nxd2 17. Bxd2 Bg7 18. a4 Bd7 19. b4 c4 20. a5 Nh5 21. Nh2 Nf4 22. Nf1 Qg5 23. Bxf4 exf4 24. Qf3 h5 25. Rac1 Bg4 26. hxg4 hxg4 27. Qd1 Bxc3 28. Rb1 Bxe1 29. Qxe1 Kg7 30. Qc3+ f6 31. Nd2 Rh8 32. Kf1 f3 33. gxf3 g3 34. fxg3 Qxg3 35. Ke2 Rh2+ 36. Ke3 Qf2+ 0-1

[Event "CZE-ch U14"]
[Site "Teplice"]
[Date "2023.03.15"]
[Round "6"]
[White "Babula, Matej"]
[Black "Hrbek, Jachym"]
[Result "1-0"]
[WhiteElo "1796"]
[BlackElo "1824"]
[PlyCount "43"]
[EventDate "2023.03.11"]
[EventType "swiss"]
[EventRounds "9"]
[EventCountry "CZE"]
[SourceTitle "CBM 213 Extra"]
[Source "ChessBase"]
[SourceDate "2023.05.31"]
[SourceVersion "1"]
[SourceVersionDate "2023.05.31"]
[SourceQuality "1"]

1. e4 c5 2. Nf3 d6 3. d4 cxd4 4. Nxd4 Nf6 5. Nc3 a6 6. Be2 e6 7. 0-0 Be7 8. f4 Qc7 9. Kh1 b5 10. Bf3 Bb7 11. e5 dxe5 12. fxe5 Nfd7 13. Bxb7 Qxb7 14. Qg4 g6 15. Bg5 Nxe5 16. Qf4 Nbd7 17. Bxe7 Kxe7 18. Rae1 Qc7 19. Nd5+ exd5 20. Qxf7+ Kd6 21. Rxe5 Nb6 22. Re6+ 1-0

[Event "Bratislava Slovakia op"]
[Site "Bratislava"]
[Date "2022.10.01"]
[Round "5"]
[White "Prochazka, Peter"]
[Black "Babula, Matej"]
[Result "0-1"]
[WhiteElo "1792"]
[BlackElo "1834"]
[PlyCount "38"]
[EventDate "2022.09.30"]
[EventType "swiss (rapid)"]
[EventRounds "9"]
[EventCountry "SVK"]
[SourceTitle "CBM 210 Extra"]
[Source "ChessBase"]
[SourceDate "2022.11.30"]
[SourceVersion "1"]
[SourceVersionDate "2022.11.30"]
[SourceQuality "1"]

1. e4 c5 2. d4 cxd4 3. c3 dxc3 4. Nxc3 Nc6 5. Nf3 d6 6. Bc4 Nf6 7. 0-0 e6 8. Qe2 Be7 9. Rd1 e5 10. h3 0-0 11. Be3 a6 12. Rac1 b5 13. Bd5 Nxd5 14. Nxd5 Bb7 15. Bb6 Qd7 16. Rxc6 Bxc6 17. Nxe5 dxe5 18. Nf6+ Bxf6 19. Rxd7 Bxd7 0-1

[Event "Bratislava Slovakia op"]
[Site "Bratislava"]
[Date "2022.09.30"]
[Round "3"]
[White "Rosol, Alexander"]
[Black "Babula, Matej"]
[Result "1/2-1/2"]
[WhiteElo "2041"]
[BlackElo "1834"]
[PlyCount "68"]
[EventDate "2022.09.30"]
[EventType "swiss (rapid)"]
[EventRounds "9"]
[EventCountry "SVK"]
[SourceTitle "CBM 210 Extra"]
[Source "ChessBase"]
[SourceDate "2022.11.30"]
[SourceVersion "1"]
[SourceVersionDate "2022.11.30"]
[SourceQuality "1"]

1. e4 c5 2. b4 cxb4 3. a3 e5 4. Nf3 Nc6 5. axb4 Bxb4 6. c3 Be7 7. d4 d6 8. Bb5 Bd7 9. 0-0 Nf6 10. d5 Nb8 11. Bd3 0-0 12. Ba3 Bg4 13. Nbd2 Nbd7 14. h3 Bh5 15. Qb3 b6 16. Rfb1 Bg6 17. Qa4 Qc7 18. Bb5 Nc5 19. Bxc5 bxc5 20. Ne1 a5 21. f3 Nh5 22. Nd3 f5 23. Bc6 Rab8 24. exf5 Bxf5 25. Ne4 Bxe4 26. fxe4 Nf4 27. Nxf4 Rxf4 28. Rf1 Rxf1+ 29. Rxf1 Rf8 30. Rb1 Rb8 31. Ra1 h6 32. Be8 Kh7 33. Rf1 Bf6 34. Bb5 Rf8 1/2-1/2

[Event "Stare Mesto op"]
[Site "Stare Mesto"]
[Date "2022.08.19"]
[Round "8"]
[White "Babula, Matej"]
[Black "Prazak, Daniel"]
[Result "1/2-1/2"]
[WhiteElo "1748"]
[BlackElo "2109"]
[PlyCount "34"]
[EventDate "2022.08.12"]
[EventType "swiss"]
[EventRounds "9"]
[EventCountry "CZE"]
[SourceTitle "CBM 209 Extra"]
[Source "ChessBase"]
[SourceDate "2022.09.30"]
[SourceVersion "1"]
[SourceVersionDate "2022.09.30"]
[SourceQuality "1"]

1. e4 c5 2. Nf3 d6 3. d4 cxd4 4. Nxd4 Nf6 5. Nc3 Nc6 6. Bg5 e6 7. Qd2 a6 8. 0-0-0 Bd7 9. f4 Be7 10. Be2 Rc8 11. Bf3 b5 12. Rhe1 Nxd4 13. Qxd4 Qc7 14. Kb1 e5 15. Qd3 Be6 16. Bxf6 gxf6 17. Qe2 Bc4 1/2-1/2

[Event "Pardubice rapid op 33rd"]
[Site "Pardubice"]
[Date "2022.07.21"]
[Round "6"]
[White "Sosnik, Sebastian"]
[Black "Babula, Matej"]
[Result "1-0"]
[WhiteElo "2255"]
[BlackElo "1748"]
[PlyCount "49"]
[EventDate "2022.07.20"]
[EventType "swiss (rapid)"]
[EventRounds "9"]
[EventCountry "CZE"]
[SourceTitle "CBM 209 Extra"]
[Source "ChessBase"]
[SourceDate "2022.09.30"]
[SourceVersion "1"]
[SourceVersionDate "2022.09.30"]
[SourceQuality "1"]

1. e4 c5 2. Nf3 e6 3. d4 cxd4 4. Nxd4 a6 5. c4 Nf6 6. Nc3 Bb4 7. Bd3 Nc6 8. Nxc6 dxc6 9. Bg5 Qd4 10. 0-0 Bxc3 11. Be3 Qe5 12. f4 Qa5 13. bxc3 Qxc3 14. e5 Nd7 15. Rf3 c5 16. Rb1 Qa5 17. Qc2 g6 18. h4 Qc7 19. h5 b6 20. hxg6 hxg6 21. Bxg6 fxg6 22. Qxg6+ Kd8 23. f5 Nxe5 24. Bg5+ Kd7 25. Qxe6# 1-0